000
00235nam a2200109Ia 4500
008
190216s9999||||xx |||||||||||||| ||und||
100
_a
Menon M K
245
0
_a
Uthirmanikal
260
_b
Null
650
_a
Essay Malayalam
942
_c
BK
999
_c
25073
_d
25073